| 000 | 00733nam a2200217 a 4500 | ||
|---|---|---|---|
| 001 | BRCA_1361 | ||
| 005 | 20190320203407.0 | ||
| 008 | 990716s1995 mx-a---##b---#110-0#spa-# | ||
| 020 | _a9686932704 | ||
| 040 |
_aDLC _cDLC _dDLC |
||
| 050 | 4 |
_aN8070 _b.Z47 1995 |
|
| 100 | 1 |
_aZerón-Medina, Fausto _94453 |
|
| 245 | 1 | 0 |
_aFelicidad de México _bcentenario de la coronación de María Señora de Guadalupe _cFausto Zerón-Medina. |
| 260 |
_aMéxico _bClío _c1995 |
||
| 300 |
_a136 p. _bil. a color _c18 cm. |
||
| 504 | _aBibliografía: p. [140-141] | ||
| 650 | 1 | 4 |
_aVirgen María en el arte _94454 |
| 650 | 1 | 4 |
_aNuestra señora de Guadalupe _xCulto _zMéxico _94455 |
| 651 | 4 |
_aMéxico _xVida religiosa y costumbres _94456 |
|
| 942 |
_2lcc _cB |
||
| 999 |
_c1223 _d1223 |
||